2022-23 Top 5 Leagues Quiz - Statistics

General Stats
  • This quiz has been taken 1,655 times
  • The average score is 62 of 98
Answer Stats
League Team % Correct
Bundesliga Bayern Munich
96%
Bundesliga Borussia Dortmund
93%
Premier League Manchester City
93%
Ligue 1 Paris Saint-Germain
93%
Premier League Arsenal
92%
La Liga Barcelona
92%
Premier League Manchester United
92%
La Liga Real Madrid
92%
Premier League Chelsea
90%
Premier League Liverpool
90%
Premier League Aston Villa
89%
La Liga Atlético Madrid
89%
Serie A Inter
89%
Serie A Juventus
89%
Serie A Milan
89%
Premier League Tottenham Hotspur
87%
Ligue 1 Lyon
84%
Premier League Everton
83%
Ligue 1 Marseille
83%
Premier League Leicester City
82%
Serie A Napoli
82%
Premier League Newcastle United
82%
Serie A Roma
82%
Premier League West Ham United
82%
Premier League Brighton & Hove Albion
81%
Premier League Wolverhampton Wanderers
81%
La Liga Sevilla
79%
La Liga Valencia
79%
Premier League Crystal Palace
77%
Premier League Leeds United
77%
La Liga Athletic Bilbao
76%
Premier League Fulham
76%
Serie A Lazio
76%
Ligue 1 Lille
76%
Premier League Southampton
76%
Bundesliga Bayer Leverkusen
75%
Premier League Bournemouth
75%
Premier League Nottingham Forest
75%
Premier League Brentford
74%
Ligue 1 AS Monaco
73%
La Liga Real Sociedad
72%
Bundesliga Eintracht Frankfurt
71%
La Liga Real Betis
71%
Bundesliga Schalke 04
70%
La Liga Villarreal
70%
Bundesliga Wolfsburg
70%
Bundesliga RB Leipzig
69%
Bundesliga Union Berlin
67%
Serie A Atalanta
66%
Bundesliga Borussia Mönchengladbach
66%
Ligue 1 OGC Nice
66%
Bundesliga Werder Bremen
65%
Serie A Fiorentina
64%
Bundesliga Hertha Berlin
64%
Ligue 1 Nantes
62%
Serie A Torino
62%
Bundesliga VfB Stuttgart
62%
Ligue 1 Rennes
59%
La Liga Espanyol
57%
Serie A Bologna
56%
Ligue 1 Montpellier
55%
Bundesliga Augsburg
54%
Serie A Sampdoria
54%
La Liga Getafe
53%
Ligue 1 Toulouse
52%
Ligue 1 Lens
51%
Serie A Udinese
51%
La Liga Celta Vigo
50%
Bundesliga Hoffenheim
50%
La Liga RCD Mallorca
50%
Bundesliga Freiburg
49%
Bundesliga Mainz
49%
Ligue 1 Strasbourg
49%
Ligue 1 Reims
47%
Serie A Sassuolo
47%
La Liga Real Valladolid
46%
La Liga Cadiz
44%
La Liga Girona
44%
La Liga Rayo Vallecano
44%
Ligue 1 Brest
42%
Bundesliga Bochum
41%
La Liga Elche
41%
Ligue 1 Auxerre
40%
La Liga Osasuna
40%
La Liga Almeria
39%
Ligue 1 Angers
38%
Serie A Hellas Verona
38%
Serie A Lecce
38%
Serie A Monza
38%
Serie A Empoli
34%
Serie A Salernitana
34%
Ligue 1 Lorient
33%
Bundesliga FC Köln
32%
Serie A Spezia
31%
Ligue 1 Clermont
29%
Serie A Cremonese
29%
Ligue 1 Troyes
27%
Ligue 1 AC Ajaccio
15%
No matching quizzes found
Score Distribution
Percent of People with Each Score
Percentile by Number Answered
Your Score History
You have not taken this quiz